Republic of Congo : 2007 Article IV Consultation; Staff Report; Staff Statement; Public Information Notice on the Executive Board Discussion; and Statement by the Executive Director for the Republic of Congo.

This 2007 Article IV Consultation highlights that the implementation of the Poverty Reduction and Growth Facility (PRGF)-supported program was broadly satisfactory for Congo in 2004-05. However, expenditure overruns and delays in structural reforms pushed the program off track in 2006. Discussions a...

Повний опис

Бібліографічні деталі
Співавтор: International Monetary Fund
Формат: Журнал
Мова:English
Опубліковано: Washington, D.C. : International Monetary Fund, 2007.
Серія:IMF Staff Country Reports; Country Report ; No. 2007/205
Онлайн доступ:Full text available on IMF
LEADER 01820cas a2200241 a 4500
001 AALejournalIMF009393
008 230101c9999 xx r poo 0 0eng d
020 |c 5.00 USD 
020 |z 9781451808629 
022 |a 1934-7685 
040 |a BD-DhAAL  |c BD-DhAAL 
110 2 |a International Monetary Fund. 
245 1 0 |a Republic of Congo :   |b 2007 Article IV Consultation; Staff Report; Staff Statement; Public Information Notice on the Executive Board Discussion; and Statement by the Executive Director for the Republic of Congo. 
264 1 |a Washington, D.C. :  |b International Monetary Fund,  |c 2007. 
300 |a 1 online resource (74 pages) 
490 1 |a IMF Staff Country Reports 
500 |a <strong>Off-Campus Access:</strong> No User ID or Password Required 
500 |a <strong>On-Campus Access:</strong> No User ID or Password Required 
506 |a Electronic access restricted to authorized BRAC University faculty, staff and students 
520 3 |a This 2007 Article IV Consultation highlights that the implementation of the Poverty Reduction and Growth Facility (PRGF)-supported program was broadly satisfactory for Congo in 2004-05. However, expenditure overruns and delays in structural reforms pushed the program off track in 2006. Discussions are continuing on an IMF staff-monitored program aimed at establishing a solid track record that could pave the way for resuming discussions on the PRGF-supported program. Macroeconomic performance was mixed in 2006. Real GDP growth is estimated at 6.1 percent in 2006. The outlook for 2007 and the medium term is uncertain. 
538 |a Mode of access: Internet 
830 0 |a IMF Staff Country Reports; Country Report ;  |v No. 2007/205 
856 4 0 |z Full text available on IMF  |u http://elibrary.imf.org/view/journals/002/2007/205/002.2007.issue-205-en.xml  |z IMF e-Library